000 01320nam0a22003011 4500
001 rc\4684852
005 20130416205759.1
021 _aRU
_b[62-79847]
035 _a(NLR Aleph) 008710136
090 _a9352999
_c9352999
100 _a20130416d1962 |||y0rusy50 ca
101 0 _arus
102 _aRU
105 _aa z |||||
200 1 _aПособие по вычислительному практикуму
_fПод ред. проф. А.С. Смогоржевского
_gКиевский ордена Ленина политехн. ин-т
210 _aКиев
_cБ. и.
_d1962
215 _a168 с., 2 отд. л. черт.
_cил.
_d22
300 _aПеред загл. авт.: Ю.Л. Далецкий, В.А. Добровольский, В.М. Скородумов, А.С. Смогоржевский
606 _aМатематические вычисления
_jПрактические работы учащихся
_2psbo
701 1 _aСкородумов
_bВ. М.
701 1 _aСмогоржевский
_bА. С.
_gАлександр Степанович
_4340
701 1 _aДобровольский
_bВ. А.
701 1 _aДалецкий
_bЮ. Л.
_gЮрий Львович
801 0 _aRU
_bNLR
_gpsbo
801 1 _aRU
_bELAR
_2rusmarc
852 _aNLR
_j62-5/5347
942 _cBOOK
980 _aNB